General statistics (Record no. 16306)

000 -LEADER
fixed length control field 00316cam a22001331i 4500
040 ## - CATALOGING SOURCE
Transcribing agency DLC
082 ## - DEWEY DECIMAL CLASSIFICATION NUMBER
Classification number 311 HAB 1969 A089 Or.
100 1# - MAIN ENTRY--AUTHOR NAME
Personal name Haber, Audrey
245 00 - TITLE STATEMENT
Title General statistics
300 ## - PHYSICAL DESCRIPTION
Number of Pages xiii, 351 pages :
Other physical details illustrations ;
Dimensions 24 cm
650 #0 - SUBJECT ADDED ENTRY--TOPICAL TERM
Topical Term Statistics
700 1# - ADDED ENTRY--PERSONAL NAME
Personal name Runyon, Richard P
942 ## - ADDED ENTRY ELEMENTS (KOHA)
Koha item type សៀវភៅភាសាអង់គ្លេស
952 ## - LOCATION AND ITEM INFORMATION (KOHA)
Withdrawn status [LOCAL, KOHA] 0
Holdings
Permanent Location Date acquired Koha item type Lost status Shelving location Barcode Current Location Full call number
Library Block A2018-02-06សៀវភៅភាសាអង់គ្លេស A089A26368Library Block A311 HAB 1969 A089 Or.
មជ្ឈមណ្ឌលឯការនៃសាកលវិទ្យាល័យភូមិន្ទកសិកម្មចំការដូង

Powered by Koha